000 00987cad a22002535a 4500
001 E152058
008 110131s2010 xxk f 100 0 eng d
020 _a9781842196199
035 _a(Sirsi) u152058
041 0 _aeng
100 1 _aHauptfleisch, Dries
111 2 _aConstruction and Building Research Conference
_cDauphine Universite, Paris
_d2-3 September 2010
245 0 0 _aRegional property development and socioeconomic impacts resulting from a development corridor
_h[electronic resource]
260 _aLondon
_bRICS
_c2010
520 _aA paper presented at the COBRA Conference in Paris on 2-3 September 2010.
590 _aKA
650 2 4 _aCONSTRUCTION AND BUILDING RESEARCH CONFERENCE (COBRA)
651 4 _aSouth Africa
690 _aPlanning and development
_96259
700 _aCampbell, Malene
700 1 _aMarx, Hendrik
856 4 0 _uhttps://www.rics.org/site/scripts/download_info.aspx?fileID=8125&categoryID=720
_zBroken link - not available
942 _n0
999 _c111824
_d111824